Los secretos del pueblo: novela social y de costumbres.

Guardat en:
Dades bibliogràfiques
Autor principal: Palma, Martín (autor)
Format: Llibre
Idioma:espanyol
Publicat: Valparaíso, Chile Imprenta del Mercurio. 1869
Matèries:
Etiquetes: Afegir etiqueta
Sense etiquetes, Sigues el primer a etiquetar aquest registre!

MARC

LEADER 00000nam a2200000 a 4500
001 UCJ5848
003 CL-VaPUC
005 20241211115349.0
008 070124e18690000CL |||||||||||||||||spa|d
651 0 |a Valparaíso, Chile  |z CHILE  |9 261144 
999 |c 321956  |d 321954 
040 |c Pontificia Universidad Católica de Valparaíso 
082 0 4 |a Ch863 PAL 1869  |2 21 
100 |a Palma, Martín  |e autor  |9 511685 
245 1 4 |a Los secretos del pueblo: novela social y de costumbres. 
260 0 3 |a Valparaíso, Chile  |b Imprenta del Mercurio.  |c 1869 
300 |a 4 volúmenes. 
583 |a last modification  |c 20070124 00:00:00  |k Rodrigo Vera 
600 0 7 |a SOCIEDAD DE LA IGUALDAD  |2 CL-VaPUC  |9 438241 
650 0 |a Novela chilena   |9 307631 
650 7 |a NOVELA COSTUMBRISTA  |2 CL-VaPUC  |9 504877 
650 0 |a Vida social  |9 337244 
650 0 |a Cultura  |9 269059 
942 |c BK  |2 ddc 
945 |d 20070124 00:00:00  |a rinostro 
952 |0 0  |1 0  |4 0  |6 CH_863_000000000000000_PAL_1869  |7 0  |8 X  |9 400849  |a FDOBUD  |b FDOBUD  |d 2019-11-22  |h v.1  |i 1040421  |o Ch863 PAL 1869  |p 1040421  |r 2019-11-22  |t 1  |w 2019-11-22  |y BK_X  |k BUD 
952 |0 0  |1 0  |4 0  |6 CH_863_000000000000000_PAL_1869  |7 0  |8 X  |9 400850  |a FDOBUD  |b FDOBUD  |d 2019-11-22  |h v.2  |i 104043K  |o Ch863 PAL 1869  |p 104043K  |r 2019-11-22  |t 1  |w 2019-11-22  |y BK_X  |k BUD 
952 |0 0  |1 0  |4 0  |6 CH_863_000000000000000_PAL_1869  |7 0  |8 X  |9 400851  |a FDOBUD  |b FDOBUD  |d 2019-11-22  |h v.3  |i 1040448  |o Ch863 PAL 1869  |p 1040448  |r 2019-11-22  |t 1  |w 2019-11-22  |y BK_X  |k BUD 
952 |0 0  |1 0  |4 0  |6 CH_863_000000000000000_PAL_1869  |7 0  |8 X  |9 400852  |a FDOBUD  |b FDOBUD  |d 2019-11-22  |h v.4  |i 1040456  |o Ch863 PAL 1869  |p 1040456  |r 2019-11-22  |t 1  |w 2019-11-22  |y BK_X  |k BUD